<?xml version="1.0" encoding="UTF-8"?>
<collection xmlns="http://www.loc.gov/MARC21/slim">
 <record>
  <leader>     na                 </leader>
  <controlfield tag="001">YOGYA-10120000000323</controlfield>
  <controlfield tag="005">20191028103936</controlfield>
  <datafield tag="035" ind1=" " ind2=" ">
   <subfield code="a">0010-101200000000323</subfield>
  </datafield>
  <datafield tag="020" ind1=" " ind2=" ">
   <subfield code="a">978-979-2502903-9</subfield>
  </datafield>
  <datafield tag="040" ind1=" " ind2=" ">
   <subfield code="a">YOPDDIY</subfield>
  </datafield>
  <datafield tag="082" ind1=" " ind2=" ">
   <subfield code="2">[22]</subfield>
   <subfield code="a">781.759</subfield>
  </datafield>
  <datafield tag="084" ind1=" " ind2=" ">
   <subfield code="a">781.759 WAR g</subfield>
  </datafield>
  <datafield tag="090" ind1=" " ind2=" ">
   <subfield code="a">CoE 781.759 WAR g</subfield>
  </datafield>
  <datafield tag="100" ind1=" " ind2=" ">
   <subfield code="a">WARIDI</subfield>
  </datafield>
  <datafield tag="245" ind1=" " ind2=" ">
   <subfield code="a">Gagasan dan kekaryaan tiga empu karawitan :</subfield>
   <subfield code="b">: Pilar kehidupan karawitan Jawa gaya Surakarta 1950-1970-an Ki Martapengrawit, Ki Tjakrawasita, Ki Nartasabda /</subfield>
   <subfield code="c">/ Waridi; editor, Sugeng Nugroho</subfield>
  </datafield>
  <datafield tag="250" ind1=" " ind2=" ">
   <subfield code="a">Cet. 1</subfield>
  </datafield>
  <datafield tag="260" ind1=" " ind2=" ">
   <subfield code="a">Bandung :</subfield>
   <subfield code="b">Etnoteater Publisher,</subfield>
   <subfield code="c">2008</subfield>
  </datafield>
  <datafield tag="300" ind1=" " ind2=" ">
   <subfield code="a">xxvii, 471 hlm. ;</subfield>
   <subfield code="c">21 cm.</subfield>
  </datafield>
  <datafield tag="504" ind1=" " ind2=" ">
   <subfield code="a">Bibliografi : hlm. 449-461</subfield>
  </datafield>
  <datafield tag="520" ind1=" " ind2=" ">
   <subfield code="a">Buku ini membahas jejak-jejak tiga empu karawitan Jawa yang menonjol dan terkenal dimasa kurun waktu yang boleh dikatakan hampir bersamaan, sekaligus pada masa diambang krusial bangsa Indonesia pasca kemerdekaan. Mereka adalaha Ki Martapengrawit, Ki Tjakrawasita, dan Ki Nartasabda. Ketiganya memiliki peran sebagai pilar vital kehidupan karawitan Jawa gaya Surakarta. Dengan berkarya melalui sarana karawitan inilah mereka mengorientasikan bidang karawitan sebagai buah legitimasi yang tidak hanya pada batas masa pemerintahaan kerajaan yang diekspresikan lewat karya seni dalam sejumlah fenomena sosial, budaya, dan seni oleh ketiga maestro tersebut diserap oleh audiences, namun jejak-jejak pada masa situasi mereka sudah menjamah pada pergeseran orientasi melalui aktualisasi semangat dalam berpikir berkarya untuk masyarakat dan negara. Terbuktinya pergeseran inilah terjadi pada lapangan kerja para abdi dalem niyaga keraton, secara deras mengalir keluar tembok keraton lewat para mantan abdi dalem niyaga keraton. Sehingga secara gamblang, ketiga tokoh inilah yang diantaranya banyak memeberi andil serta kapasitas dalam Dunia karawitan Jawa sebagaimana peranan yang memiliki komitmen tinggi, kreatif, dan inovatif, serta peduli terhadap keberlanjutan dan perkembangan karawitan Jawa, sekaligus memiliki kesan korektif bagi pewaris sekaligus pelurus bangsa dalam komunitas-komunitas karawitan yang berwibawa sebagimana orientasi karawitan estetika kepentingan makna simbol gaya garap karawitan pada porsi persononilikasi dan representasi terhadap rasa gobyok, sigrak, prenes, dan sejenisnya melalui perimbangan warisan ciri ketiga tokoh dalam membudidayakan estetika kekaryaan karawitan pada masa-masa selanjutnya.</subfield>
  </datafield>
  <datafield tag="650" ind1=" " ind2=" ">
   <subfield code="a">Karawitan</subfield>
  </datafield>
  <datafield tag="651" ind1=" " ind2=" ">
   <subfield code="a">Cirebon ---</subfield>
   <subfield code="x">Sejarah</subfield>
  </datafield>
  <datafield tag="700" ind1=" " ind2=" ">
   <subfield code="a">Sugeng Nugroho</subfield>
  </datafield>
  <datafield tag="850" ind1=" " ind2=" ">
   <subfield code="a">YOPDYOG</subfield>
  </datafield>
  <datafield tag="500" ind1=" " ind2=" ">
   <subfield code="a">Diterbitkan bekerjasama dengan Wahana Komputer Semarang</subfield>
  </datafield>
  <datafield tag="041" ind1=" " ind2=" ">
   <subfield code="a">ind</subfield>
  </datafield>
  <controlfield tag="008">ind</controlfield>
  <datafield tag="990" ind1=" " ind2=" ">
   <subfield code="a">150-PD/A.12</subfield>
  </datafield>
 </record>
</collection>
